000 00227nmm a2200097Ia 4500
008 220120s9999||||xx |||||||||||||||||und||
082 _a005.276 SCE
100 _aSceppa, David
_95370
245 0 _aProgramming ADO
260 _c2001
999 _c139158
_d139158